000 00664nam a2200253Ia 4500
003 OSt
005 20221007103400.0
006 a|||||r|||| 00| 0
007 ta
008 221006b |||||||| |||| 00| 0 hin d
024 _a13,009
037 _cTextual
040 _aLCO
_cLCO
_bhin
041 _2hin
_ahin
082 _aZ2,2,4qM82, L3
100 _aShukla S.N.
_9259263
245 0 _aSampati Antaran Adhiniyam
250 _a2nd
260 _aAllahabad
_bAllahabad Law Agency India
_c1973
300 _a332
650 _aTRANSFER OF PROPERTY
_9684622
942 _hZ2,2,4qM82, L3
_cTEXL
999 _c1182572
_d1182572